000 00689nam a2200217Ia 4500
001 8253
003 GE_BSU
008 181216s||||||||xx |||||||||||||| ||und||
040 _cGE_BSU
245 _aВокруг света №12 2013.
245 _bЖурнал русского географического общества
245 _cГл.ред. С. Апресов
260 _aМосква.
260 _c2013.
300 _a204ст;28см.
653 _aВокруг света №12 2013.
653 _aЖурнал русского географического общества
653 _aПериодика
653 _aპერიოდიკა
942 _cCR
999 _c41585
_d41585